000 00619nam a22001457a 4500
020 _a0-7553-2315-7
082 _a823
_bPAT/C
100 _aPATTERSON, JAMES
245 _aCROSS
260 _aGREAT BRITAIN
_bHEADLINE PUBLISHING GROUP
_c2006
300 _a309
520 _aCross's former partner, John Sampson is tracking a serial rapist in Georgetown, one whose brutal modus operandi recalls a case Sampson and Cross worked together years earlier. When the case reveals a connection to Maria's death, Cross latches on for the most urgent and terrifying ride of his life.
650 _aNOVEL
_zGREAT BRITAIN
942 _cBK
999 _c2435
_d2435